<?xml version="1.0" encoding="UTF-8"?>
<record
    xmlns:xsi="http://www.w3.org/2001/XMLSchema-instance"
    xsi:schemaLocation="http://www.loc.gov/MARC21/slim http://www.loc.gov/standards/marcxml/schema/MARC21slim.xsd"
    xmlns="http://www.loc.gov/MARC21/slim">

  <leader>03021nab a2200289uuc4500</leader>
  <controlfield tag="001">1339878</controlfield>
  <controlfield tag="005">20240202112356.0</controlfield>
  <controlfield tag="008">130813e20130301                    spa  </controlfield>
  <datafield tag="035" ind1=" " ind2=" ">
    <subfield code="a">1339878</subfield>
  </datafield>
  <datafield tag="040" ind1=" " ind2=" ">
    <subfield code="c">comduadb</subfield>
  </datafield>
  <datafield tag="041" ind1=" " ind2=" ">
    <subfield code="a">spa</subfield>
  </datafield>
  <datafield tag="100" ind1="1" ind2="0">
    <subfield code="a">Villalobos S&#xE1;nchez, C&#xE9;sar Jer&#xF3;nimo</subfield>
    <subfield code="4">aut</subfield>
    <subfield code="e">aut</subfield>
    <subfield code="9">675857</subfield>
  </datafield>
  <datafield tag="245" ind1="1" ind2="0">
    <subfield code="a">Cumplimiento de las recomendaciones de prevenci&#xF3;n secundaria de enfermedad coronaria en pacientes sometidos a revascularizaci&#xF3;n coronaria percut&#xE1;nea en el Hospital Universitario Fundaci&#xF3;n Santa Fe de Bogot&#xE1;</subfield>
  </datafield>
  <datafield tag="520" ind1="3" ind2=" ">
    <subfield code="a">Marco de referencia : diferentes ensayos cl&#xED;nicos han mostrado que el efecto de las revascularizaciones y los procedimientos de angioplastia en el pron&#xF3;stico del paciente, tiene s&#xF3;lo un efecto a corto plazo, mientras que la prevenci&#xF3;n secundaria (cambio de estilo de vida y tratamiento intensivo) mejora el pron&#xF3;stico a largo plazo. Objetivo : evaluar el cumplimiento de las recomendaciones para prevenci&#xF3;n cardiovascular secundaria, de los pacientes sometidos a revascularizaci&#xF3;n coronaria percut&#xE1;nea en el hospital universitario 
Fundaci&#xF3;n Santa Fe de Bogot&#xE1;, entre los a&#xF1;os 2008 y 2010. Materiales y m&#xE9;todos : estudio descriptivo, ambispectivo, cuya poblaci&#xF3;n estuvo conformada por 332 pacientes sometidos a intervenci&#xF3;n coronaria percut&#xE1;nea atendidos entre enero de 2008 a diciembre de 2010 en el servicio de hemodinamia del Hospital Universitario Fundaci&#xF3;n Santa Fe de Bogot&#xE1;. La 
recolecci&#xF3;n de la informaci&#xF3;n se realiz&#xF3; mediante revisi&#xF3;n de las historias cl&#xED;nicas de los pacientes y v&#xED;a telef&#xF3;nica. Las metas de control se basaron en las recomendaciones de la Asociaci&#xF3;n Americana del Coraz&#xF3;n y el Colegio Americano de Cardiolog&#xED;a. Resultados : 332 pacientes fueron sometidos a revascularizaci&#xF3;n coronaria percut&#xE1;nea y 4 fueron excluidos del estudio por falta de datos. La presentaci&#xF3;n cl&#xED;nica m&#xE1;s frecuente fue la angina inestable (32,93%). S&#xF3;lo se contactaron 172 (52,43%) pacientes, de los cuales 77,4% eran hombres y 22,6% mujeres. &#xDA;nicamente 6 (3,5%) cumpl&#xED;an con el 100% de las recomendaciones para la prevenci&#xF3;n secundaria de enfermedad coronaria y 17% cumpl&#xED;a menos del 50% de &#xE9;stas.Conclusiones : la experiencia en la Fundaci&#xF3;n Santa Fe de Bogot&#xE1; muestra un pobre cumplimiento de las metas de prevenci&#xF3;n secundaria de enfermedad coronaria.</subfield>
  </datafield>
  <datafield tag="650" ind1=" " ind2=" ">
    <subfield code="a">Enfermedades coronarias</subfield>
    <subfield code="9">17884</subfield>
  </datafield>
  <datafield tag="650" ind1=" " ind2=" ">
    <subfield code="a">Revascularizaci&#xF3;n coronaria</subfield>
    <subfield code="9">101830</subfield>
  </datafield>
  <datafield tag="650" ind1=" " ind2=" ">
    <subfield code="a">Revascularizaci&#xF3;n percut&#xE1;nea</subfield>
    <subfield code="9">185003</subfield>
  </datafield>
  <datafield tag="700" ind1="1" ind2="0">
    <subfield code="a">Carvajal, Carlos A.</subfield>
    <subfield code="4">aut</subfield>
    <subfield code="e">aut</subfield>
    <subfield code="9">584995</subfield>
  </datafield>
  <datafield tag="700" ind1="1" ind2="0">
    <subfield code="a">Mor, Jorge D.</subfield>
    <subfield code="4">aut</subfield>
    <subfield code="e">aut</subfield>
    <subfield code="9">645253</subfield>
  </datafield>
  <datafield tag="700" ind1="1" ind2="0">
    <subfield code="a">Rend&#xF3;n, Iv&#xE1;n Dar&#xED;o</subfield>
    <subfield code="4">aut</subfield>
    <subfield code="e">aut</subfield>
    <subfield code="9">614504</subfield>
  </datafield>
  <datafield tag="700" ind1="1" ind2="0">
    <subfield code="a">Caycedo, Laura A.</subfield>
    <subfield code="4">aut</subfield>
    <subfield code="e">aut</subfield>
    <subfield code="9">630947</subfield>
  </datafield>
  <datafield tag="700" ind1="1" ind2="0">
    <subfield code="a">L&#xF3;pez, Valerie J.</subfield>
    <subfield code="4">aut</subfield>
    <subfield code="e">aut</subfield>
    <subfield code="9">675858</subfield>
  </datafield>
  <datafield tag="700" ind1="1" ind2="0">
    <subfield code="a">Mart&#xED;nez, Silvia</subfield>
    <subfield code="4">aut</subfield>
    <subfield code="e">aut</subfield>
  </datafield>
  <datafield tag="700" ind1="1" ind2="0">
    <subfield code="a">Parra, Jaime A.</subfield>
    <subfield code="4">aut</subfield>
    <subfield code="e">aut</subfield>
    <subfield code="9">675859</subfield>
  </datafield>
  <datafield tag="773" ind1="0" ind2=" ">
    <subfield code="t">Revista Colombiana de Cardiolog&#xED;a (Bogot&#xE1;)</subfield>
    <subfield code="g">Volumen 20, N&#xFA;mero 02, Marzo-Abril 2013, p. 70-76</subfield>
    <subfield code="w">442614</subfield>
    <subfield code="x">0120-5633</subfield>
    <subfield code="0">115637</subfield>
  </datafield>
  <datafield tag="942" ind1=" " ind2=" ">
    <subfield code="c">ARIMP</subfield>
  </datafield>
  <datafield tag="999" ind1=" " ind2=" ">
    <subfield code="c">653504</subfield>
    <subfield code="d">653504</subfield>
  </datafield>
</record>
